000 00433 a2200145 4500
999 _c7203
_d7203
020 _a9780470409015
050 _aHF 1017 BLA 2010
100 _a Black,Ken.
_eauthor
245 _aBusiness statistics :
_bfor contemporary decision making /
_cKen Black.
264 _aHoboken, N.J.:
_b John Wiley and Sons,
_c 2010.
300 _a836p.:
500 _aincludes index
650 _aCommercial statistics.
942 _2lcc
_cBK
_h1017
_iBLA
_kHF